01318nam a2200265 a 450000100100000000500170001000800410002702000150006804000250008308200190010810000410012724500510016826000370021930000200025659000260027665000290030265000310033191000410036295201310040395201310053495201310066595201170079695201220091399900170103500001501620240412074242.0100129s2006 dr 000 0 spa d a9945052012 aDO-SdBNPbspacBNPHU aRD863.5bM828c1 aMorales Herrero, Tony,d1973-93398410aCuentos a la Dra. Ana /cTony Morales Herrero. aSanto Domingo :bCollado,c2006. a56 p. ;c22 cm. aInventariado, 2019/BT 0aCuentos dominicanos9176 0aLiteratura dominicana.967 aValidado. Control de calidad MMOLINA 001054708DSaGRbGRcHDd2010-01-29iLF1l0oRD863.5 M828cp15016-30r2020-06-25te.3w2020-06-25yLFDSZPréstamo en sala 001054708DSaGRbGRcHDd2010-01-29iLF1l0oRD863.5 M828cp15016-40r2020-06-25te.4w2020-06-25yLFDSZPréstamo en sala 001054708DSaGRbGRcHDd2010-01-29iLF1l0oRD863.5 M828cp15016-50r2020-06-25te.5w2020-06-25yLFDSZPréstamo en sala 0010718PDaPDbPDcHDd2010-01-29iLF1l0oRD863.5 M828cp15016-10r2020-06-25w2020-06-25yLFPDZNo se presta 0010718PDaPDbPDcHDd2010-01-29iLF1l0oRD863.5 M828cp15016-20r2020-06-25te.2w2020-06-25yLFPDZNo se presta c14589d14589